Smithsonian physical tables; 3rd revised edition.

Bibliographic Details
Corporate Author: Smithsonian Institution. Office of the Secretary
Format: Government Document eBook
Language:English
Published: [Washington] : [publisher not identified], 1904.
Subjects:
Online Access:Connect to the full text of this electronic document

MARC

Tag First Indicator Second Indicator Subfields
LEADER 00000cam a22000001a 4500
001 in00003664512
005 20190408173401.0
006 m o d f
007 cr bn mmmapmmp
008 141211s1904 dcu o f001 0 eng d
035 |a ebd1909602840 
040 |a UMI  |c UMI  |d UtOrBLW 
086 0 |a SI 1.2:P 56/3 
099 |a SI102-29.3 
110 2 |a Smithsonian Institution.  |b Office of the Secretary.  |0 http://id.loc.gov/authorities/names/no2001090455 
245 1 0 |a Smithsonian physical tables; 3rd revised edition. 
264 1 |a [Washington] :  |b [publisher not identified],  |c 1904. 
300 |a 1 online resource (xxxiv+301 pages) 
336 |a text  |b txt  |2 rdacontent 
337 |a computer  |b c  |2 rdamedia 
338 |a online resource  |b cr  |2 rdacarrier 
500 |a Includes index. 
533 |a Electronic reproduction.  |b [Bethesda, Md.] :  |c ProQuest,  |d 2014.  |e digital, PDF file.  |n ProQuest U.S. Executive Branch Documents  |n Mode of access: World Wide Web via ProQuest website. 
588 |a Record is based on online resource; title from PDF title page (ProQuest, last viewed Dec. 2014). Reuse except for individual research requires license from ProQuest, LLC. 
500 |a Electronic resource. 
650 0 |a Mathematics.  |0 http://id.loc.gov/authorities/subjects/sh85082139 
650 0 |a Metals.  |0 http://id.loc.gov/authorities/subjects/sh85084167 
650 0 |a Physics.  |0 http://id.loc.gov/authorities/subjects/sh85101653 
650 0 |a Weights and measures.  |0 http://id.loc.gov/authorities/subjects/sh85145963 
655 7 |a Electronic books.  |2 local 
856 4 0 |u http://proxy.library.tamu.edu/login?url=http://congressional.proquest.com/congressional/docview/t66.d71.si102-29.3  |z Connect to the full text of this electronic document  |t 0 
999 f f |s e1e81cad-99c5-3a98-8dc5-844381584919  |i 6905357b-fc21-3e0e-aabc-110180a7274c  |t 0 
952 f f |a Texas A&M University  |b College Station  |c Electronic Resources  |d Available Online  |t 0  |h No information provided 
998 f f |t 0  |l Available Online